000 00659nam a2200145Ia 4500
008 100122s9999 xx 000 0 und d
082 _b19314
_a823.08
100 _aसावरकर विनायक दामोदर
245 _aसावरकरांच्या निवडक गोष्टी ( क.क्र.26/4 )
260 _bमॅजेस्टिक प्रकाशन
_c1973
300 _a144
630 _aसावरकरांच्या निवडक गोष्टी ( क.क्र.26/4 )
730 _aसावरकरांच्या निवडक गोष्टी ( क.क्र.26/4 )
942 _cBOOK
999 _c408412
_d408409